|
|
|
|
| LEADER |
01408nam a2200373 a 4500 |
| 001 |
EBC433378 |
| 003 |
MiAaPQ |
| 005 |
20200520144314.0 |
| 006 |
m o d | |
| 007 |
cr cn||||||||| |
| 008 |
050913s2005 maua sb 000 0 eng d |
| 010 |
|
|
|z 2005280376
|
| 020 |
|
|
|z 0874258383
|
| 035 |
|
|
|a (MiAaPQ)EBC433378
|
| 035 |
|
|
|a (Au-PeEL)EBL433378
|
| 035 |
|
|
|a (CaPaEBR)ebr10379736
|
| 035 |
|
|
|a (OCoLC)609834887
|
| 040 |
|
|
|a MiAaPQ
|c MiAaPQ
|d MiAaPQ
|
| 050 |
|
4 |
|a HF5549.5.E43
|b L44 2005
|
| 082 |
0 |
4 |
|a 658.3/82
|2 22
|
| 100 |
1 |
|
|a Lee, Johnny.
|
| 245 |
1 |
0 |
|a Addressing domestic violence in the workplace
|h [electronic resource] /
|c Johnny Lee.
|
| 260 |
|
|
|a Amherst, Mass. :
|b HRD Press,
|c c2005.
|
| 300 |
|
|
|a x, 200 p. :
|b ill.
|
| 504 |
|
|
|a Includes bibliographical references (p. 197-198).
|
| 533 |
|
|
|a Electronic reproduction. Ann Arbor, MI : ProQuest, 2015. Available via World Wide Web. Access may be limited to ProQuest affiliated libraries.
|
| 650 |
|
0 |
|a Violence in the workplace
|z United States
|x Prevention.
|
| 650 |
|
0 |
|a Work environment
|z United States
|x Safety measures.
|
| 650 |
|
0 |
|a Family violence
|x Prevention.
|
| 650 |
|
0 |
|a Victims of family violence.
|
| 650 |
|
0 |
|a Employee assistance programs
|z United States.
|
| 655 |
|
4 |
|a Electronic books.
|
| 710 |
2 |
|
|a ProQuest (Firm)
|
| 856 |
4 |
0 |
|u https://ebookcentral.proquest.com/lib/matrademy/detail.action?docID=433378
|z Click to View
|